[Event "Olympiad-29"]
[Site "Novi Sad"]
[Date "1990.11.19"]
[Round "3"]
[White "Kotronias, Vasilios"]
[Black "Short, Nigel D"]
[Result "1/2-1/2"]
[WhiteElo "2510"]
[BlackElo "2610"]
[Annotator "Ambroz,J"]
[PlyCount "99"]
[EventDate "1990.11.17"]
[EventType "team-swiss"]
[EventRounds "14"]
[EventCountry "YUG"]
[SourceTitle "TD"]
[Source "ChessBase"]
[SourceDate "1994.03.01"]
[SourceVersion "1"]
[SourceVersionDate "1994.03.01"]
[SourceQuality "1"]
[WhiteTeam "Greece"]
[BlackTeam "England"]
[WhiteTeamCountry "GRE"]
[BlackTeamCountry "ENG"]

1. e4 e6 2. d4 d5 3. Nd2 Nf6 4. e5 Nfd7 5. c3 c5 6. Bd3 b6 7. Ne2 $1 Ba6 8.
Bxa6 Nxa6 9. O-O b5 (9... Nc7 10. f4 f5 $1 11. exf6 Nxf6 12. Ng3 Bd6 $10) 10.
Nf4 (10. Nf3 Nb6 11. h4 Qd7 12. h5 h6 $10 {Georgadze-Short, Hastings 1979/80;})
(10. a4 Qb6 (10... b4 11. c4 Nc7 (11... Be7 12. cxd5 exd5 13. Nf3 O-O 14. Nf4
$14) 12. cxd5 Nxd5 13. Ne4 Be7 14. h4 $5) 11. axb5 Qxb5 12. c4 dxc4 13. Ne4 Nc7
(13... cxd4 14. Nxd4 Qxe5 15. Rxa6 Qxe4 16. Re1 Qb7 17. Nxe6) (13... Be7 14.
Bg5 $16) 14. N2c3 Qc6 15. Qf3 $16) 10... Be7 (10... Nb6 11. Qg4 Qd7 12. Nh5
O-O-O 13. Nf3 Kb7 $13) 11. Qg4 g6 12. h4 h5 (12... Qb6 13. h5 O-O-O) (12...
Bxh4 $2 13. Nxe6 $18) 13. Qe2 cxd4 (13... Qb6 14. a4 bxa4 (14... b4 15. c4) 15.
Rxa4 c4 16. b3 $16) (13... Nc7 14. a4 b4 15. c4 Nb6 (15... cxd4 16. cxd5) 16.
a5) (13... c4 14. a4 Nc7 15. axb5 Nxb5 16. b3 Nxc3 17. Qe3 Nb5 18. bxc4 dxc4
19. Nxc4 $14) 14. cxd4 Bxh4 (14... Nc7 15. g3 $22 {/^c}) 15. a4 Qb6 16. axb5 (
16. Qxb5 Qxb5 17. axb5 Nc7 18. Ra5 Be7 $10) 16... Nc7 17. Nf3 Bd8 $6 (17... Be7
) 18. Nh3 Nxb5 (18... Qxb5 $5 19. Qd1 (19. Qxb5 Nxb5 $15) 19... Nb6 20. b3 $5
Be7 21. Bg5 $146) 19. Rd1 Nb8 $5 20. Bg5 Nc6 21. Qd2 Bxg5 (21... Ne7 22. Bf6
Rg8 23. Nhg5 $36 Nf5 24. Bxd8 Rxd8 25. Qb4 {P Jh7} Rh8 (25... Nbxd4 $2 26. Rxd4
Nxd4 27. Qxd4 Qxd4 28. Nxd4 Ra8 (28... Rd7 29. Nh7) 29. Rc1 $18) 26. Ra5 $16)
22. Qxg5 $1 Qd8 (22... Kd7 23. Qf4 {P Jhg5}) 23. Qf4 Ne7 (23... O-O $2 24. Qh6
{P Jhg5}) 24. Nhg5 Nf5 25. Nh4 $5 Qe7 (25... O-O 26. Nxf5 exf5 27. e6 $40) 26.
Nxf5 gxf5 27. Rdc1 Kd7 28. Rc5 a6 29. Rac1 h4 (29... Rac8 30. Rxd5+ exd5 31.
Qxf5+ Qe6 32. Nxe6 Rxc1+ 33. Kh2 fxe6 34. Qf7+ Kc6 35. Qxe6+ Kb7 (35... Kc7 36.
Qxa6 $18) 36. Qxd5+ Ka7 37. Qe6 $18 {P d5}) (29... Rhc8 30. Nh7 $5 (30. Rxd5+
exd5 31. Qxf5+ Kd8 32. Nxf7+ Ke8 33. Rxc8+ Rxc8 34. Qxc8+ Kxf7 35. Qf5+ Kg8 $13
) 30... Rxc5 31. Rxc5 Rc8 32. Nf6+ Kd8 33. b4 $16) 30. Rxd5+ $1 exd5 31. Qxf5+
Ke8 32. Rc8+ Rxc8 33. Qxc8+ Qd8 34. Qxd8+ Kxd8 35. Nxf7+ Kd7 36. Nxh8 Nxd4 37.
Ng6 Nf5 38. Kf1 a5 39. Ke2 a4 40. Kd3 Kc6 $2 41. e6 (41. Nf4 $18 Kc5 (41... Nh6
42. Ne2 Ng4 43. f4 {P Jd4}) 42. Ne6+ Kb4 43. Nd4) 41... Kd6 42. e7 Nxe7 43.
Nxh4 Kc5 44. f4 Kb4 45. f5 Kb3 46. f6 Nc6 47. Ng6 Nd8 48. Ne7 Kxb2 49. Nxd5 a3
50. Nc3 1/2-1/2

[Event "ESP-chT Honor Gp2 49th"]
[Site "Sant Lluis"]
[Date "2005.08.31"]
[Round "1"]
[White "Arizmendi Martinez, Julen Luis"]
[Black "Herraiz Hidalgo, Herminio"]
[Result "1-0"]
[WhiteElo "2504"]
[BlackElo "2471"]
[Annotator "Arizmendi,J"]
[PlyCount "51"]
[EventDate "2005.08.31"]
[EventType "team"]
[EventRounds "5"]
[EventCountry "ESP"]
[SourceTitle "CBM 109"]
[Source "ChessBase"]
[SourceDate "2005.11.14"]
[SourceVersion "1"]
[SourceVersionDate "2005.11.14"]
[SourceQuality "1"]

1. e4 {Postny} e6 2. d4 d5 3. Nd2 Be7 {This move has become quite popular of
late thanks to the efforts of Morozevich and Lputian, but we should not forget
that it was Romanishin who first employed it succesfully - in the seventies -
at master level. The idea is primarily reactive in nature: Black is waiting
for his opponent to show his hand (piece configuration) first.} 4. Ngf3 {
This is the little surprise I had prepared for my opponent. I had never played
this before, so it seemed like a reasonable choice.} ({Against the same
opponent, in the Spanish National Championship last year, I used the critical
yet (in my opinion) highly dubious} 4. e5 c5 5. Qg4 {but the truth is that
after} Kf8 $1 6. dxc5 Nc6 7. Qg3 f6 8. Ngf3 Nh6 9. Bd3 Nf7 10. exf6 gxf6 $1 {
Black had already reached an excellent position.}) (4. c3 {is an interesting
option, waiting for Black to reveal a little more about his plans. The problem
is that ...Be7 seems to be a bit more useful than c3. So, after} c5 5. exd5
exd5 {I believe Black is doing fine, even though the position remains
sufficiently complicated for those who are looking for a chess battle at the
board and not at home.}) 4... Nf6 5. e5 Nfd7 6. Bd3 c5 7. c3 Nc6 8. O-O g5 $1 {
This active move remains the most popular choice, and rightly so. The
alternatives are:} (8... Qb6 $6 {, popular in the 80s, until White found the
convincing} 9. dxc5 $1 Qc7 (9... Nxc5 {allows White to keep the stronghold on
e5.} 10. Bc2 Qc7 11. Qe2 Nd7 12. Re1 {, with advantage to White.}) 10. Nb3
Ncxe5 (10... Ndxe5 11. Nxe5 Qxe5 12. f4 Qf6 13. Be3 $14) 11. Bf4 Nxf3+ 12. Qxf3
e5 ({moving the queen back has only brought Black trouble:} 12... Qd8 13. Qg3
$1 O-O 14. Bc7 Qe8 15. Bb5 a6 16. Ba4 $16) 13. Bg3 {gives White a very
promising position.} Qc6 14. Rfe1 e4 15. Rxe4 $1 dxe4 16. Bxe4 Qf6 17. c6 Ne5
18. Bxe5 Qxe5 19. cxb7 Bxb7 20. Bxb7 Rb8 21. Nd4 Bd6 22. g3 O-O 23. Nc6 Qb5 24.
Nxb8 Qxb2 25. Rd1 Bxb8 26. Rd7 Qb5 27. Bc6 Qe5 28. Bd5 Qe8 29. Rb7 a5 30. Bxf7+
{1-0 Chandler-Henley, Surakarta 1982.}) (8... a5 {is still fairly popular. It
reached its all-time high in the late 90´s-beginning of 00´s thanks to the
efforts of some Armenian players, especially Lputian, but the following game
left the line in the repair shop:} 9. Re1 cxd4 10. cxd4 Qb6 11. Nb1 $1 {
the knight is heading for the weakened b5 square.} Nxd4 12. Nxd4 Qxd4 13. Nc3
Qb6 ({A new idea is} 13... Bc5 14. Be3 ({radical, but interesting is} 14. Nb5
$5 Qxf2+ 15. Kh1 O-O 16. Bg5 $1 Bb4 17. Re3 g6 $13 {Vuckovic-Solak, Belgrade
2000.}) 14... Qh4 15. Bc2 $5 (15. Bxc5 Nxc5 16. Rc1 (16. Bb5+ Bd7 17. Nxd5 $1
O-O (17... exd5 18. Bxd7+ Nxd7 19. Qxd5 {, and 20.e6, with good attacking
chances.}) 18. Bxd7 Nxd7 $11) 16... Nxd3 17. Qxd3 O-O 18. Nb5 Bd7 19. Nd6 {
Nisipeanu-Crickmore, Castelldefels 2005 gave White compensation for the pawn,
but I doubt the Romanian player would be willing to go for this again}) 15...
b6 (15... O-O $5 16. Bxc5 Nxc5 17. Re3 f5) 16. Nxd5 exd5 17. Qxd5 Ra7 (17...
Rb8 18. Bf5 Qe7 19. e6 Nf6 20. Qc6+ Kf8 21. Bxc5 bxc5 22. exf7 Bd7 23. Qc7 Rc8
24. Rxe7 Rxc7 25. Rae1 {looks good for White.}) 18. e6 (18. Bxc5 Nxc5 19. Qc6+
Bd7 20. Qxb6 Ra6 21. Qxc5 Rc6) 18... O-O $2 (18... fxe6 19. Qxe6+ Kd8 20. Bxc5
bxc5 21. Rad1 {with compensation for the sacrificed piece, but it is hard to
tell how much exactly.}) 19. exf7+ Kh8 20. Bxc5 bxc5 21. Re8 {1-0
Gormally-Quillan, Caleta 2005.}) 14. Qg4 (14. Be3 $5 {is an idea of Oratovsky
which deserves attention and might actually be more attrative to some than
Nedev´s recipe. In any case, Lalic did not adapt well to the novelty.} Qd8 $6 (
{according to Oratovsky,} 14... d4 {is necessary, and after} 15. Na4 Qa7 16.
Bd2 O-O 17. Rc1 {White has compensation for the pawn. The truth is, this looks
quite good for White.}) 15. Qg4 O-O 16. Bh6 g6 17. Bxf8 Bxf8 18. Bb5 $16 {
Oratovsky-Lalic, Salou 2004 Esto es como la partida de Nedev, pero con la dama
peor ubicada en d8.}) 14... O-O (14... Kf8 15. Nb5 Nc5 16. Be3 Bd7 17. Nd6 $5 {
Rublevsky-Lputian, Poikovsky 2003 is very dangerous.}) 15. Bh6 g6 16. Bxf8 Bxf8
17. Bb5 $1 Nc5 18. a4 $16 {Nedev-Bauer, Bled 2002 and Black does not have
enough for the exchange.}) ({The always creative Morozevich has also toyed with
} 8... h5 {Black wants to get ready to meet h3 after g5, while the move also
proves useful by protecting g4 even if White decides to ignore the advance of
the g-pawn. But then, there is a downside to this concept: time. White can now
protect his center.} 9. Re1 cxd4 (9... g5 10. dxc5 $1) 10. cxd4 g5 11. Nb3 g4
12. Nfd2 a5 13. a4 Nb6 14. Nb1 $1 {a strong yet highly thematic novelty from
Smirin: the knight is heading for b5 and d5.} Nc4 15. Nc3 Qb6 16. Bxc4 dxc4 17.
Nd2 Nb4 (17... Qxd4 18. Nb5 Qd8 19. Qe2 $16) 18. Nxc4 Qc6 19. b3 b6 20. Ne4 Ba6
21. Bg5 Bxc4 22. Rc1 Bxb3 23. Qxb3 Qd5 24. Qe3 Qd7 25. Bxe7 Qxe7 26. Nf6+ Kf8
27. Rc4 Rd8 28. Rec1 Nd5 29. Qg5 {1-0 Smirin-Cheparinov, Calviá 2004.}) 9. dxc5
{Virtually the only move possible in view of ...g4.} Nxc5 {Herráiz decides to
avoid my preparation by chosing a secondary line. There is, however, something
that I do not like about his move: White gets the chance to keep his strong e5
pawn, although there is no easy way to take advantage of it.} ({Black has also
tried} 9... Ndxe5 {, but its results are not too brilliant.} 10. Nxe5 Nxe5 11.
Nb3 (11. Bb5+ $5 Bd7 12. Bxd7+ Nxd7 13. b4 b6 14. c4 $1 dxc4 15. Nxc4 bxc5 16.
Nd6+ Bxd6 17. Qxd6 Qb6 18. Qg3 {gave White a strong initiative in
Rublevsky-Morozevich, Togliatti 2003.}) 11... Bd7 (11... Nxd3 12. Qxd3 e5 13.
Qe2 f6 14. Qh5+ Kf8 15. h4 $16 {Degraeve-Pert, Montpellier 2003.}) 12. f4 $1
Nxd3 13. Qxd3 h6 14. Be3 {is better for White, Hracek-Stellwagen, Bundesliga
2004.}) (9... g4 10. Nd4 Ndxe5 11. Bb5 Bd7 (11... Bxc5 12. f4 $1 gxf3 13. N2xf3
{gives White a strong initiative for the pawn.}) 12. N2b3 {is the main line.})
10. Bb5 {A very natural move, but the choice of Tarrasch expert Degraeve is
also interesting:} (10. Bc2 g4 {Black must play this, since otherwise his
strategy is a complete fiasco.} 11. Nd4 Nxe5 12. f4 $1 gxf3 13. N2xf3 Ng6 14.
Qe2 f5 15. c4 $1 {with obvious compensation for the pawn in Degraeve-Touzane,
France 2004.}) 10... Qb6 {Probably the best option. If White takes, then the
merits of the queen move compared to 10...Bd7 or 10...a6 need no commentary.} (
10... a6 11. Bxc6+ bxc6 12. b4 $1 {it is important to keep c5 under control.}
Nd7 13. Nb3 g4 14. Nfd4 Nxe5 15. Bf4 Qc7 16. Bxe5 Qxe5 17. Nxc6 Qf4 18. Nxe7
Kxe7 19. g3 Qg5 20. Qd4 $16 {Smirin-Poldauf, Groningen 1990}) (10... Bd7 11.
Qe2 (11. Bxc6 $6 bxc6 12. Nd4 Nd3 $1 $13) (11. Re1 g4 12. Bxc6 bxc6 13. Nd4 Nd3
14. Re3 Nxc1 15. Rxc1 c5) 11... a6 12. Bxc6 bxc6 13. c4 {this is another way
to fight against c6-c5 which should be remembered.} (13. Nd4 Na4 $1 {followed
by ...c5.}) 13... Rb8 14. b3 Qa5 15. Qe3 Rg8 16. Nd4 g4 17. f4 gxf3 {there is
nothing else against 18.f5.} 18. N2xf3 Rg6 19. Bd2 Qb6 (19... Qc7 20. Rac1 $16)
20. b4 Ne4 21. c5 Qc7 22. Qf4 $16 {Rachels-Arencibia, Manila 1990.}) 11. Nd4 (
11. Qe2 a6 12. Bxc6+ bxc6 {looks Ok for Black.}) 11... a6 $6 {Black decides to
force things on the queenside, but leaving d7 free for the knight.} ({If my
analysis are correct, then the alternative} 11... Bd7 {should be considered.
White could now play as in the game, but then ...Bd7 will prove much more
useful than ...a6. The only "but" to the bishop move is} 12. Nxc6 ({maybe} 12.
Bxc6 bxc6 13. b4 Nd3 14. N2b3 $5 {is still possible.}) 12... Bxc6 (12... bxc6
13. Be2 {is good for White now. In the game Black would have ...Nd7, and there
is no way to protect the e5-pawn.}) 13. Bxc6+ bxc6 14. b3 {, which looks more
comfortable for White yet still complicated.} (14. Qe2 $5)) 12. Bxc6+ (12. Nxc6
bxc6 13. Be2 Nd7) 12... bxc6 13. b4 $1 Nd7 {'?!' Postny. After a long think,
my opponent decided to retreat his knight. It seems better to jump forward,
keeping the option the exchange the c1 bishop off if necessary, although this
is not easy for Black either.  Postny: 'This passive move is the source for
black's trouble.'} ({After} 13... Nd3 {an idea we did not pay too much
attention to is} 14. N2b3 $1 (14. Qh5 a5 15. N2f3 Nxc1 16. Rfxc1 h6 17. Rcb1
$14 {is quite possible as well, but less direct.}) (14. N2f3 Nxc1 15. Rxc1 a5
$13 {The evaluation of this position might be critical for the whole opening
variation.} (15... c5 $6 16. bxc5 Qxc5 17. c4 $36)) {believing that} 14... Nxe5
(14... Nxc1 15. Rxc1 {is clearly better for White. Black could still try to
break the queenside bind by sacrificing the a-pawn, but I doubt this will be
enough to level the chances.}) 15. Qh5 h6 {was not clear.} (15... Rg8 16. f4 $1
) {But it is here that White has a nice little combination which gives him the
advantage:} 16. Bxg5 $1 Bxg5 17. f4 Ng6 18. fxg5 {with excellent attacking
chances. The exchange of dark-squared bishops is clearly to White´s favour,
whose knights are waiting to land on c5.}) 14. Qh5 $1 Nxe5 15. N2f3 {White now
gets his pawn back in all variations, while keeping his attacking options.} Ng6
{'?!' Postny} (15... Nxf3+ 16. Nxf3 Bf6 {would not help Black much either:} 17.
Be3 Qb7 (17... Qc7 18. Bd4 {and after the exchange of dark-squared bishops the
dark holes in black's camp will become extremely vulnerable. Nevertheless,
this was a better choice for black.}) 18. Bd4 Bxd4 19. cxd4 $16 {and the weak
dark squares, together with the king´s exposed position, is more than the
black position can tolerate.}) 16. Bxg5 Bxg5 (16... f6 {fails to} 17. Nh4 $1)
17. Nxg5 $1 {All White needs to do now is ram forward with his f-pawn.} c5 $2 {
El error decisivo, aunque la posición ya es muy difícil.} (17... a5 18. a3 $16)
18. bxc5 Qxc5 19. f4 $1 Ra7 (19... Qxc3 20. Rad1 Ra7 21. Nxh7 $1 ({amazingly,} 
21. f5 exf5 22. Nxh7 Re7 23. Nf6+ Kf8 24. Qg5 Re5 {is not so clear. For
example,} 25. Nf3 Qc5+ 26. Kh1 Qe3) 21... Re7 22. Nf6+ Kd8 23. Qg5 $18) ({
Another option that fails is} 19... h6 20. Ngxe6 Bxe6 21. f5 Bxf5 22. Rae1+ $1
{, with a decisive attack.}) 20. Ne4 $1 {This move ends the game. Once the
knight reaches f6 the king is going to feel a bit claustrophobic.} Qc7 ({
The problem with} 20... Qe7 {is} 21. Nc6 {, which attacks the a7-rook -thus
preventing ...Qh4-, which was not the case one move earlier.} Qc7 22. Nf6+ Kf8
23. Qh6#) 21. Nf6+ Ke7 $6 (21... Kd8 22. f5 Qxc3 23. Rad1 Ne7 24. Qxf7 $18) 22.
f5 Qxc3 23. Rad1 Qe3+ 24. Kh1 Kxf6 25. fxe6+ $1 Nf4 (25... Kg7 26. Nf5+) (25...
Ke7 26. Nf5+) 26. Qf5+ 1-0

[Event "BIH-chT 5th"]
[Site "Banja Vrucica"]
[Date "2006.06.23"]
[Round "6"]
[White "Leventic, Ivan"]
[Black "Atalik, Suat"]
[Result "1/2-1/2"]
[WhiteElo "2488"]
[BlackElo "2632"]
[Annotator "Atalik,S"]
[PlyCount "113"]
[EventDate "2006.06.18"]
[EventType "team-tourn"]
[EventRounds "9"]
[EventCountry "BIH"]
[SourceTitle "EXT 2008"]
[Source "ChessBase"]
[SourceDate "2007.11.25"]
[SourceVersion "1"]
[SourceVersionDate "2007.11.25"]
[SourceQuality "1"]
[WhiteTeam "Tuzla SK Tusanj"]
[BlackTeam "Sarajevo Bosna"]
[WhiteTeamCountry "BIH"]
[BlackTeamCountry "BIH"]

1. e4 e6 2. d4 d5 3. Nd2 Nf6 $5 {For many years I had a low opinion about this
move.However I wanted to give a try.} 4. e5 Nfd7 5. c3 c5 6. Bd3 Nc6 7. Ne2
cxd4 8. cxd4 f6 9. exf6 Nxf6 10. O-O Bd6 11. Nf3 Qc7 $5 {I prefer this} ({to} 
11... O-O 12. Bf4 $14) 12. Bg5 O-O 13. Bh4 Nh5 14. Qc2 h6 15. Bh7+ Kh8 16. Bg6
Rxf3 17. Bxh5 $1 {This is all theory.} (17. gxf3 Bxh2+ 18. Kh1 Nf4 $1 19. Ng3
e5 $1 $44 20. Kxh2 $6 Qd6 $1 $40) 17... Rf8 18. Bg3 $14 {White is believed to
be better however the assesment can be changed by any move.} Bd7 19. Rac1 (19.
Rad1 Rf6 $132) 19... Bxg3 20. hxg3 Qb6 21. Qd2 (21. Qc5 Rf6 22. Qxb6 axb6 23.
a3 b5 $132) 21... Rf6 $6 ({I did not like} 21... Be8 22. Bxe8 Raxe8 23. Rcd1
$14 {because of its drawish nature.}) 22. Rc3 $1 a5 23. Rb3 Qa7 24. Rf3 Raf8 (
24... Rxf3 25. gxf3 a4 $14) 25. Rd1 $1 Kg8 26. Nf4 $1 {White increases the
pressure.} Qb8 (26... g5 $2 27. Ng6 Rxf3 28. gxf3 Rf6 29. Ne5 Nxe5 30. dxe5 Rf5
31. Qc2 $18) 27. Ng6 Rxf3 (27... Be8 $2 28. Nxf8 Bxh5 29. Nd7 $18 ({or} 29.
Rxf6 $18)) 28. gxf3 Rf6 29. Nf4 $16 {White is clearly better with better
pieces and kingside attack prospects.} Qd6 30. Qe3 Rf5 $1 (30... Qb4 31. Rd2
Qc4 32. b3 Qc1+ 33. Kg2 $16) 31. Bg4 e5 $1 {I have gone for the only real
counterchance in the position.} 32. Bxf5 $6 ({I was more afraid of} 32. dxe5 $1
Rxe5 33. Qb3 Bxg4 (33... Ne7 $2 34. Qxb7 Bxg4 35. fxg4 Kh7 36. Qb5 Qc7 37. Qd3+
Kg8 38. Qb3 $18) 34. fxg4 Qb4 35. Qxb4 (35. Nxd5 $2 Qxb3 36. axb3 Re2 $15) (35.
Rxd5 $6 Qxb3 36. axb3 g5 37. Rxe5 Nxe5 38. Nd5 Nxg4 $11) 35... axb4 36. Rxd5 g5
$1 (36... Re1+ $2 37. Kg2 Ra1 38. Rb5 Rxa2 39. Nd3 $18) 37. Rxe5 Nxe5 38. Nd5
b3 39. axb3 Nxg4 $16) 32... exf4 33. Qd3 Nb4 34. Qb1 fxg3 35. Bxd7 gxf2+ 36.
Kg2 {He did not go for the draw and started to lick my chips.} (36. Kxf2 Qh2+
37. Ke3 (37. Kf1 Qh1+ $11 (37... Nc2 $2 38. Bf5 Ne3+ 39. Ke1 $18)) 37... Nc2+
38. Kd3 Nb4+ 39. Kc3 Qc7+ 40. Kd2 (40. Kb3 $4 Qc4+ $19) 40... Qh2+ $11) 36...
Qxd7 37. a3 Nc6 38. Kxf2 (38. Qg6 Ne7) 38... Qd6 $6 {I should not live f5
square unattended!} (38... Qf7 39. Qd3 Qf6 $44) 39. Kg2 $2 $138 (39. Qf5 Qh2+
40. Ke3 $16) 39... Qf6 40. Qd3 {Draw offer.} Ne7 $2 (40... Qg5+ 41. Kf1 Qh5 $11
) (40... Nd8 41. Re1 Ne6 42. Kf1 Nf4 43. Qc2 $13) 41. Re1 Ng6 42. Kf1 Nf4 (
42... h5 43. Re8+ Kf7 44. Rb8 $18) (42... Kh7 43. Re5 $1 $16) 43. Qc2 Ng6 {
All of a sudden I have found myself in a very difficult position.} (43... Qxd4
44. Qc8+ Kf7 45. Qxb7+ Kg6 46. Qc6+ Kh5 47. Qc3 $18) (43... Qf7 44. Re5 Qd7 45.
Qf5 Qb5+ 46. Kg1 Ne2+ 47. Kg2 Nxd4 48. Qg6 $18) 44. Qc8+ Kh7 45. Qg4 Nf4 $138 (
45... a4 46. Re6 Qf7) (45... Qf7 46. Re6) 46. Re5 Qa6+ (46... g5 47. Qf5+ Qxf5
48. Rxf5 Kg6 49. Re5 b5 50. Re8 $18) 47. Kg1 Ng6 48. Re6 $4 {He errs in mutual
time trouble.} (48. Qf5 Qc4 49. Re6 Qxd4+ 50. Kg2 $18) (48. Rxd5 Qc4 (48... Qd3
49. Qe4 Qd1+ 50. Kf2 Qd2+ 51. Kg3 $18) 49. Rc5 $18) 48... Qd3 $1 49. Rb6 {
Second draw offer.Once again what is wrong with these people?If I want I can
force a draw by perpetual checks.} Qe3+ $2 {I could have created him serious
difficulties.} ({I could not see} 49... Ne5 $1 {at once.} 50. dxe5 (50. Qf4
Nxf3+ 51. Kg2 Ng5 $1 (51... Nxd4 52. Rxh6+ $1 $11) 52. Rxb7 $11) 50... Qe3+ 51.
Kf1 Qxb6 52. Qd7 d4 53. e6 $11) 50. Kf1 Qd3+ 51. Kg1 Qd1+ {My luck has have
brought the same position again amd I missed it again.} (51... Ne5 $1 52. dxe5
Qe3+ 53. Kf1 Qxb6 54. Qd7 Qc6 55. e6 $11) 52. Kf2 Qd2+ 53. Kf1 Qd1+ 54. Kf2
Qc2+ 55. Kg1 Qc1+ 56. Kf2 Qd2+ 57. Kf1 {He claimed a draw on the basis of
threefold repetition.} 1/2-1/2

[Event "Skopje op 18th"]
[Site "Skopje"]
[Date "2002.01.20"]
[Round "6"]
[White "Graf, Alexander"]
[Black "Efimov, Igor"]
[Result "1-0"]
[WhiteElo "2605"]
[BlackElo "2444"]
[Annotator "Atlas,V"]
[PlyCount "65"]
[EventDate "2002.01.15"]
[EventType "swiss"]
[EventRounds "9"]
[EventCountry "MKD"]
[SourceTitle "CBM 088"]
[Source "ChessBase"]
[SourceDate "2002.03.21"]
[SourceVersion "1"]
[SourceVersionDate "2002.03.21"]
[SourceQuality "1"]

1. d4 e6 2. e4 d5 3. Nd2 Be7 4. Ngf3 Nf6 5. e5 Nfd7 6. Bd3 c5 7. c3 Nc6 8. O-O
Rb8 9. Qe2 cxd4 10. cxd4 Nb4 11. Bb1 b6 12. Rd1 Ba6 13. Qe3 Rc8 14. Ne1 Bg5 15.
f4 Bxf4 16. Qxf4 Be2 17. a3 Bxd1 18. axb4 Rxc1 19. Ne4 dxe4 20. Qxc1 Bh5 21.
Bxe4 O-O 22. Qe3 Qc7 23. Rc1 Qd8 24. Nd3 Bg6 25. Bxg6 hxg6 26. b5 Nb8 27. Nf2
Qd5 28. Ne4 Qxb5 29. Ng5 $1 {Excellent sacrifice yielding White an
irresistible attack.} Qxb2 30. Rf1 {[%csl Rh7][%cal Ge3h3,Gh3h7] Threatening
31.Qh3.} Rc8 31. Qf4 $1 Rc7 {[%tqu "En","How should White use the power of his
active pieces?","Strike in the centre and try to open up files there!",
"Utilise the energy of your central pawns.","d4d5","This impressive pawn
thrust crowns White's attack.",6]} 32. d5 $3 {[%csl Re6,Rf7][%cal Gd5e6,Gf1f8,
Gg5f7,Ge5e6]} ({After this impressive pawn move Black is defenseless.} 32. Nxf7
$2 {would be a big mistake, as after} Nc6 $1 33. Nh6+ $140 Kh7 $1 {Black is
winning.}) (32. Nxe6 $2 fxe6 33. Qf8+ Kh7 {is clearly insufficient for White.})
(32. Qh4 {is strongly met by} Rc1 $1) 32... f6 ({Black has no defense against
the threat 33.de6.} 32... exd5 {is refuted by} 33. e6 $1 f6 34. Qxc7) (32...
Rc2 {loses after} 33. Qxf7+ Kh8 34. Qf8#) 33. exf6 (33. exf6 {, and Black
resigned in view of} Rc8 (33... gxf6 34. Qxc7 $18) 34. f7+ Kf8 35. Qd6#) 1-0